Les apparitions de la Vierge Marie en France - Statistiques

Statistiques générales
  • Ce quiz a été pris 10 fois
  • Le résultat moyen est 3 sur 6
Statistiques - réponses
Indice Réponse % Correct
1958 dans les Hautes-Pyrénées Lourdes
100%
1871 en Mayenne Pontmain
56%
1947 en Indre-et-Loire L'Ile Bouchard
33%
1846 dans l'Isère Notre Dame de la Salette
33%
1830 à Paris Rue du Bac
33%
1875 dans l'Indre Pellevoisin
22%
Aucun quiz correspondant
Distribution des résultats
% des personnes avec chaque résultat
Percentile par nombre de réponses
Votre historique - résultats
Vous n’avez pas pris ce quiz